[Event "ch-USA w 2021"]
[Site "Saint Louis USA"]
[Date "2021.10.14"]
[Round "8.6"]
[White "Sharevich, Anna"]
[Black "Zatonskih, Anna"]
[Result "0-1"]
[WhiteTitle "WGM"]
[BlackTitle "IM"]
[WhiteElo "2276"]
[BlackElo "2422"]
[WhiteFideId "13503189"]
[BlackFideId "14101572"]
[EventDate "2021.10.06"]

1. d4 d5 2. Bf4 c5 3. e3 Nc6 4. Nf3 cxd4 5. exd4 Bg4 6. Nbd2 e6 7. h3 Bh5 8. Bb5
Bd6 9. Bxd6 Qxd6 10. c3 Ne7 11. O-O a6 12. Bd3 Bg6 13. Qe2 O-O 14. Rfe1 Qc7 15.
Rac1 Rac8 16. Bxg6 Nxg6 17. g3 Nge7 18. Kg2 Nf5 19. Qd3 Na5 20. b3 Rfd8 21. Ne5
Nc6 22. Nef3 Qe7 23. Nf1 Rc7 24. Ne3 Nxe3+ 25. Qxe3 Qd6 26. h4 Rdc8 27. h5 h6
28. g4 Re8 29. Nh4 Qd8 30. Qg3 Ne7 31. Kh1 Nc8 32. f3 Nd6 33. a4 b5 34. a5 Rc6
35. b4 Qg5 36. Rc2 Rec8 37. Ng2 Nc4 38. f4 Qd8 39. g5 hxg5 40. fxg5 Nd6 41. g6
Qf6 42. Rf2 Nf5 43. gxf7+ Qxf7 44. Qg6 Qxg6 45. hxg6 Ng3+ 46. Kh2 Ne4 47. Rf3
Rxc3 48. Rxc3 Rxc3 49. Nf4 Rc6 50. Kg2 Kf8 51. Rf1 Ke8 52. Nd3 Rc2+ 53. Kg1 Rc3
54. Ne5 Nd6 55. Kg2 Ke7 56. Rh1 Rc8 57. Nd3 Rc2+ 58. Kf3 Nf5 59. Rh8 Nxd4+ 60.
Kf4 Nc6 61. Ra8 Kf6 62. Rxa6 Nxb4 63. Nxb4 Rc4+ 64. Kf3 Rxb4 65. Rb6 Kf5 66. a6
Ra4 67. Rb7 Kxg6 0-1

[Event "ch-USA w 2021"]
[Site "Saint Louis USA"]
[Date "2021.10.16"]
[Round "9.1"]
[White "Abrahamyan, Tatev"]
[Black "Sharevich, Anna"]
[Result "1-0"]
[WhiteTitle "WGM"]
[BlackTitle "WGM"]
[WhiteElo "2344"]
[BlackElo "2276"]
[WhiteFideId "13301918"]
[BlackFideId "13503189"]
[EventDate "2021.10.06"]

1. e4 c5 2. Nf3 e6 3. d4 cxd4 4. Nxd4 Nc6 5. Nc3 d6 6. g4 Bd7 7. Be3 Be7 8. Qe2
Nxd4 9. Bxd4 e5 10. Be3 Bc6 11. O-O-O Nf6 12. Bg2 Qa5 13. g5 Nd7 14. h4 b5 15.
Kb1 Nb6 16. f4 Nc4 17. Bc1 Qb4 18. Nd5 Bxd5 19. Rxd5 Rc8 20. c3 Qa5 21. b3 Qxc3
22. bxc4 bxc4 23. Qb2 Qxb2+ 24. Kxb2 exf4 25. Bxf4 Rc6 26. Rhd1 c3+ 27. Kc2 Ra6
28. Ra1 O-O 29. Bf1 Rb6 30. Rb5 f6 31. Bc4+ Kh8 32. Rxb6 axb6 33. Kxc3 g6 34.
Rd1 fxg5 35. Bxg5 Bf6+ 36. Bxf6+ Rxf6 37. Rf1 Kg7 38. Kd4 1-0

[Event "ch-USA w 2021"]
[Site "Saint Louis USA"]
[Date "2021.10.16"]
[Round "9.2"]
[White "Tokhirjonova, Gulrukhbegim"]
[Black "Paikidze, Nazi"]
[Result "1-0"]
[WhiteTitle "WGM"]
[BlackTitle "IM"]
[WhiteElo "2322"]
[BlackElo "2374"]
[WhiteFideId "14203626"]
[BlackFideId "13603620"]
[EventDate "2021.10.06"]

1. Nf3 Nf6 2. c4 g6 3. Nc3 Bg7 4. d4 d6 5. g3 O-O 6. Bg2 Nbd7 7. O-O e5 8. e4
exd4 9. Nxd4 Re8 10. Re1 c6 11. h3 Qc7 12. Be3 Nc5 13. Qc2 a5 14. Rad1 a4 15. f4
h5 16. Bf2 Nh7 17. Nf3 b6 18. Bd4 Be6 19. Bxg7 Kxg7 20. e5 Bf5 21. Qf2 dxe5 22.
Rxe5 Be6 23. Ree1 Rad8 24. Ne5 Bc8 25. Rxd8 Rxd8 26. Nxc6 Nd3 27. Qd2 Nxe1 28.
Qxd8 Qxd8 29. Nxd8 Nxg2 30. Kxg2 Kf8 31. Kh2 Bd7 32. Nb7 Be6 33. Nxa4 Bxc4 34.
b3 Ba6 35. Nd6 Ke7 36. Ne4 b5 37. Nac3 Bb7 38. Nc5 Bc6 39. Kg1 Nf6 40. b4 Ne8
41. Nb3 Nc7 42. Nd4 Bd7 43. h4 Kd6 44. Kf2 Be8 45. a3 Bd7 46. Ke2 Ke7 47. Kd3
Kd6 48. Ke4 f5+ 49. Kd3 Be8 50. Nf3 Ne6 51. Ne5 Nc7 52. Ke3 Ne6 53. Nd3 Bc6 54.
Nb2 Nc7 55. Kd4 Ne6+ 56. Kd3 Nc7 57. a4 bxa4 58. Nbxa4 Bg2 59. Nc5 Bf3 60. Kd4
Bc6 61. Kc4 Na8 62. b5 Nb6+ 63. Kd4 Be8 64. Nd3 Nd7 65. Ne5 Nc5 66. Nc4+ 1-0

[Event "ch-USA w 2021"]
[Site "Saint Louis USA"]
[Date "2021.10.16"]
[Round "9.3"]
[White "Yip, Carissa"]
[Black "Eswaran, Ashritha"]
[Result "1-0"]
[WhiteTitle "IM"]
[BlackTitle "WIM"]
[WhiteElo "2402"]
[BlackElo "2244"]
[WhiteFideId "2090732"]
[BlackFideId "2080788"]
[EventDate "2021.10.06"]

1. e4 c6 2. d4 d5 3. Nd2 dxe4 4. Nxe4 Nf6 5. Nxf6+ exf6 6. c3 Bd6 7. Bd3 O-O 8.
Qc2 Re8+ 9. Ne2 h5 10. Be3 Nd7 11. h3 Nf8 12. O-O-O Be6 13. g4 h4 14. Rhg1 Qa5
15. a3 Rac8 16. Kb1 Bh2 17. Rge1 Bb8 18. c4 b5 19. c5 Ng6 20. g5 Qa4 21. Qd2 f5
22. d5 Bxd5 23. Nc3 Qa6 24. Nxd5 cxd5 25. Bxf5 Rcd8 26. Bd4 Be5 27. Bxe5 Rxe5
28. Rxe5 Nxe5 29. Qf4 Ng6 30. Qc7 Re8 31. Qd6 Qa4 32. Bc2 Qa5 33. Qxd5 Re1 34.
Rxe1 Qxe1+ 35. Ka2 Nf8 36. Bb3 Qe7 37. c6 Ne6 38. g6 Kf8 39. Qf5 Nc7 40. Qc8+ 1-0

[Event "ch-USA w 2021"]
[Site "Saint Louis USA"]
[Date "2021.10.16"]
[Round "9.5"]
[White "Zatonskih, Anna"]
[Black "Foisor, Sabina-Francesca"]
[Result "1-0"]
[WhiteTitle "IM"]
[BlackTitle "WGM"]
[WhiteElo "2422"]
[BlackElo "2205"]
[WhiteFideId "14101572"]
[BlackFideId "1212915"]
[EventDate "2021.10.06"]

1. d4 Nf6 2. Nf3 e6 3. c4 d5 4. Nc3 a6 5. c5 b6 6. cxb6 cxb6 7. Bf4 Bb7 8. e3
Nc6 9. Bd3 Bd6 10. O-O Bxf4 11. exf4 Qd6 12. g3 O-O 13. Re1 Rac8 14. Rc1 Na5 15.
Qe2 b5 16. Red1 Nc4 17. Ne5 Rc7 18. b3 Na3 19. Nb1 Rfc8 20. Qb2 Nxb1 21. Bxb1 b4
22. Rxc7 Qxc7 23. f5 Ne4 24. fxe6 fxe6 25. Qe2 Rf8 26. f3 Nc3 27. Qc2 g6 28. Re1
a5 29. Kg2 Qg7 30. Qd2 Ba6 31. a4 g5 32. Bc2 h5 33. Ng6 Rf6 34. Qxg5 Be2 35. f4
Bg4 36. h3 Be2 37. Kf2 Ba6 38. Qxh5 Ne4+ 39. Bxe4 dxe4 40. Ne5 Bb7 41. Qe8+ Kh7
42. Qd7 Bd5 43. Qxg7+ Kxg7 44. Nc4 Rh6 45. h4 Rh8 46. Nxa5 Rc8 47. Nc4 Bxc4 48.
bxc4 Rxc4 49. Rxe4 Kf6 50. Re5 Rxd4 51. Rb5 b3 52. Rxb3 Rxa4 53. Kf3 Ra1 54. Rb5
Ra3+ 55. Kg4 Ra8 56. h5 Ra3 57. Re5 Ra6 58. Rg5 Kf7 59. h6 Ra8 60. h7 Rh8 61.
Rh5 Kg6 62. Kh4 Kf6 63. g4 Kg6 64. Kg3 Kg7 65. Kg2 Kg6 66. Kf3 Kg7 67. Ke4 Kf6
68. Rh1 Kg6 69. Ke5 Kf7 70. g5 Kg7 71. Kxe6 Re8+ 72. Kd7 Rh8 73. f5 Kf7 74. Rh2
Kf8 75. Ke6 Kg7 76. Ke7 1-0

[Event "ch-USA w 2021"]
[Site "Saint Louis USA"]
[Date "2021.10.16"]
[Round "9.6"]
[White "Lee, Megan"]
[Black "Cervantes Landeiro, Thalia"]
[Result "1/2-1/2"]
[WhiteTitle "WIM"]
[BlackTitle "FM"]
[WhiteElo "2211"]
[BlackElo "2175"]
[WhiteFideId "2029618"]
[BlackFideId "3520498"]
[EventDate "2021.10.06"]

1. e4 c5 2. Nf3 d6 3. Bb5+ Nd7 4. a4 Nf6 5. Nc3 a6 6. Be2 b6 7. d4 cxd4 8. Qxd4
Bb7 9. O-O e5 10. Qe3 Be7 11. h3 Qc7 12. Rd1 O-O 13. b3 Qc5 14. Qd3 Rfc8 15. Bb2
Qb4 16. Nd2 Nc5 17. Qe3 Ncxe4 18. Ncxe4 Nxe4 19. Nc4 Bg5 20. Qf3 Qc5 21. Bd3 b5
22. Na5 Nxf2 23. Nxb7 Qb6 24. a5 Qa7 25. Kf1 Nxd3 26. cxd3 Rc2 27. Bc1 e4 28.
dxe4 Bxc1 29. Raxc1 Rxc1 30. Rxc1 Qxb7 31. Qc3 Qe7 32. Qc6 Re8 33. Re1 h6 34.
Qxa6 Qf6+ 35. Kg1 Qd4+ 36. Kh1 Qb4 37. Rf1 Qxb3 38. Qxd6 Qc4 39. Rb1 Ra8 40. e5
Qa4 41. e6 fxe6 42. Qxe6+ Kh8 43. Qd5 Qxa5 44. Rxb5 Qe1+ 45. Kh2 Re8 46. Qf5 Qd2
47. Rd5 Qb4 48. Rd1 Qb8+ 49. Kh1 Rf8 50. Qg4 Qb5 51. Kh2 Qe5+ 52. Qg3 Qxg3+ 53.
Kxg3 Kh7 54. Rd6 Ra8 55. Rb6 Ra3+ 56. Kf4 Rc3 57. Ra6 Rc4+ 58. Kf3 Rc3+ 59. Kf4
Rc4+ 60. Kf3 Rc3+ 1/2-1/2

[Event "ch-USA w 2021"]
[Site "Saint Louis USA"]
[Date "2021.10.17"]
[Round "10.1"]
[White "Eswaran, Ashritha"]
[Black "Zatonskih, Anna"]
[Result "1-0"]
[WhiteTitle "WIM"]
[BlackTitle "IM"]
[WhiteElo "2244"]
[BlackElo "2422"]
[WhiteFideId "2080788"]
[BlackFideId "14101572"]
[EventDate "2021.10.06"]

1. e4 e6 2. d4 d5 3. Nc3 Nf6 4. e5 Nfd7 5. f4 c5 6. Nf3 Nc6 7. Be3 cxd4 8. Nxd4
Qb6 9. Qd2 Qxb2 10. Rb1 Qa3 11. Bb5 Nxd4 12. Bxd4 a6 13. Bxd7+ Bxd7 14. Rb3 Qe7
15. Rxb7 Qh4+ 16. Bf2 Qd8 17. O-O Qc8 18. Rb3 Be7 19. f5 Qc4 20. Re1 Bc6 21. Ne2
Bd7 22. Nd4 Rc8 23. a3 exf5 24. e6 fxe6 25. Nxe6 Bxe6 26. Rxe6 Kf7 27. Rxe7+
Kxe7 28. Qg5+ Ke6 29. Re3+ Kd6 30. Qe7+ Kc6 31. Re6+ 1-0

[Event "ch-USA w 2021"]
[Site "Saint Louis USA"]
[Date "2021.10.17"]
[Round "10.2"]
[White "Abrahamyan, Tatev"]
[Black "Lee, Megan"]
[Result "1-0"]
[WhiteTitle "WGM"]
[BlackTitle "WIM"]
[WhiteElo "2344"]
[BlackElo "2211"]
[WhiteFideId "13301918"]
[BlackFideId "2029618"]
[EventDate "2021.10.06"]

1. Nf3 d5 2. g3 g6 3. Bg2 Bg7 4. O-O e5 5. d3 Nc6 6. e4 dxe4 7. dxe4 Qxd1 8.
Rxd1 Bg4 9. c3 a5 10. a4 Be6 11. Nbd2 Bh6 12. Bf1 O-O-O 13. Re1 f6 14. Nc4 Rd7
15. Rb1 Kb8 16. Be3 Bxe3 17. fxe3 Nge7 18. b4 Bxc4 19. Bxc4 Rd6 20. Rf1 Rhd8 21.
h4 h5 22. Kf2 Ng8 23. Ke2 Nh6 24. Rb2 Ka7 25. Rfb1 axb4 26. cxb4 Ne7 27. a5 Rc6
28. Bb5 Rc3 29. Rd2 Rxd2+ 30. Kxd2 Ra3 31. Ne1 c5 32. Nc2 cxb4 33. Nxa3 bxa3 34.
Kc3 f5 35. Rd1 fxe4 36. Rd7 Nhf5 37. a6 Nxe3 38. Rxb7+ Ka8 39. Kb3 N3f5 40. Kxa3
e3 41. Rd7 Nd4 42. Rxe7 Nxb5+ 43. Kb4 Nd4 44. Kc5 Nf5 45. Rd7 1-0

[Event "ch-USA w 2021"]
[Site "Saint Louis USA"]
[Date "2021.10.17"]
[Round "10.4"]
[White "Paikidze, Nazi"]
[Black "Yip, Carissa"]
[Result "0-1"]
[WhiteTitle "IM"]
[BlackTitle "IM"]
[WhiteElo "2374"]
[BlackElo "2402"]
[WhiteFideId "13603620"]
[BlackFideId "2090732"]
[EventDate "2021.10.06"]

1. d4 g6 2. e4 Bg7 3. Nc3 d6 4. Nf3 a6 5. a4 Nd7 6. Bc4 e6 7. Bg5 Ne7 8. Qd2 h6
9. Be3 b6 10. h3 Bb7 11. O-O Nf6 12. d5 e5 13. Nh2 Nh5 14. Rfe1 g5 15. g3 Ng6
16. Qd1 Nf6 17. Bf1 Bc8 18. a5 b5 19. Bg2 Bd7 20. Nf1 Qc8 21. Kh2 h5 22. f4 gxf4
23. gxf4 exf4 24. e5 Ng4+ 25. hxg4 hxg4+ 26. Kg1 dxe5 27. Bc5 Qd8 28. Ne4 f5 29.
d6 c6 30. Bb6 Qh4 31. Bf2 Qh5 32. Qd3 fxe4 33. Bxe4 Nf8 34. Bd4 f3 35. Bxf3 gxf3 0-1

[Event "ch-USA w 2021"]
[Site "Saint Louis USA"]
[Date "2021.10.17"]
[Round "10.5"]
[White "Nemcova, Katerina"]
[Black "Tokhirjonova, Gulrukhbegim"]
[Result "0-1"]
[WhiteTitle "WGM"]
[BlackTitle "WGM"]
[WhiteElo "2331"]
[BlackElo "2322"]
[WhiteFideId "322750"]
[BlackFideId "14203626"]
[EventDate "2021.10.06"]

1. e4 e5 2. Nf3 Nc6 3. Bc4 Nf6 4. d4 exd4 5. e5 d5 6. Bb5 Nd7 7. O-O Be7 8. c3
dxc3 9. Qxd5 cxb2 10. Bxb2 O-O 11. Nc3 Nc5 12. Rfd1 Be6 13. Qxd8 Rfxd8 14. Bxc6
bxc6 15. Nd4 Bd7 16. Ba3 Bf8 17. Rd2 Be8 18. Rad1 Rd7 19. f4 Na4 20. Nxa4 Bxa3
21. Nb3 Rad8 22. Rxd7 Rxd7 23. Rxd7 Bxd7 24. Kf2 Bf5 25. Ke3 Kf8 26. Nd4 Bd7 27.
Nb3 Ke8 28. h3 h5 29. Kf3 h4 30. Nac5 Bc8 31. Ke4 g6 32. Kd4 Bf5 33. Ne4 Be6 34.
Ke3 Be7 35. Kf3 Bd5 36. Ke3 c5 37. g4 hxg3 38. Nxg3 Be6 39. Ne4 c4 40. Nbd2 Bb4
41. Nb1 Bxh3 42. Kd4 Be6 43. a3 Bf8 44. Nc5 Bh6 45. Ke3 Bf5 46. Nc3 c6 47. Ne2
Kd8 48. Nc3 Kc7 49. N3a4 Bc2 50. Nc3 Bf8 51. Kd4 Bf5 52. N3a4 Bc8 53. Nc3 Bh6
54. Ke3 Kb6 55. N3a4+ Kb5 56. Kd4 Bxf4 57. Nc3+ Kb6 0-1

[Event "ch-USA w 2021"]
[Site "Saint Louis USA"]
[Date "2021.10.17"]
[Round "10.6"]
[White "Sharevich, Anna"]
[Black "Foisor, Sabina-Francesca"]
[Result "1/2-1/2"]
[WhiteTitle "WGM"]
[BlackTitle "WGM"]
[WhiteElo "2276"]
[BlackElo "2205"]
[WhiteFideId "13503189"]
[BlackFideId "1212915"]
[EventDate "2021.10.06"]

1. d4 Nf6 2. Bf4 d5 3. e3 e6 4. Nf3 Bd6 5. Ne5 O-O 6. Nd2 c5 7. c3 b6 8. h4 Qc7
9. Bd3 Ba6 10. Bxa6 Nxa6 11. h5 Nb8 12. Qf3 Ne8 13. Qg3 Nc6 14. Ndf3 f6 15. Nxc6
Qxc6 16. h6 g6 17. O-O Rf7 18. Nh4 g5 19. Bxd6 Qxd6 20. f4 Kh8 21. Nf3 Nc7 22.
Qh3 gxf4 23. exf4 Rg8 24. Rf2 Rg6 25. Nh4 Rg8 26. Nf3 Qf8 27. f5 exf5 28. Raf1
f4 29. Nh4 Qxh6 30. Rxf4 Ne8 31. Qe6 Rfg7 32. Qxd5 Rg4 33. Rxg4 Qe3+ 34. Kh1
Rxg4 35. Nf5 Qe2 36. Qf3 Qxf3 37. gxf3 Rf4 38. Re1 Rxf5 39. Rxe8+ Kg7 40. dxc5
bxc5 41. Re7+ Kg6 42. Rxa7 Rxf3 43. a4 Rf1+ 44. Kg2 Rb1 45. Rb7 Ra1 46. Rb5 Rxa4
47. Rxc5 f5 48. b4 Ra3 49. b5 Kg5 50. b6 Rb3 51. Rc6 f4 52. c4 Kg4 53. c5 Rb2+
54. Kf1 Kf3 55. Ke1 Ke3 56. Kd1 f3 57. Rf6 f2 58. Rf7 Rb1+ 59. Kc2 Rb5 60. Re7+
Kd4 61. Rf7 Ke3 62. Re7+ Kd4 63. Rf7 Kxc5 64. Rxf2 Rxb6 65. Kd3 Kd5 66. Rf5+ Ke6
67. Rh5 Rb7 68. Ke4 Kf6 69. Kf4 Rb4+ 70. Kg3 Kg6 71. Rc5 h5 72. Rc6+ Kg5 73.
Rc5+ Kg6 74. Rc6+ Kg5 75. Rc5+ Kg6 76. Rc6+ 1/2-1/2

[Event "ch-USA w 2021"]
[Site "Saint Louis USA"]
[Date "2021.10.18"]
[Round "11.1"]
[White "Lee, Megan"]
[Black "Sharevich, Anna"]
[Result "1/2-1/2"]
[WhiteTitle "WIM"]
[BlackTitle "WGM"]
[WhiteElo "2211"]
[BlackElo "2276"]
[WhiteFideId "2029618"]
[BlackFideId "13503189"]
[EventDate "2021.10.06"]

1. e4 c5 2. Nf3 a6 3. d4 cxd4 4. Nxd4 e6 5. Bd3 g6 6. Be3 Bg7 7. Nd2 Ne7 8. f4
d6 9. O-O e5 10. Ne2 exf4 11. Nxf4 Nbc6 12. c3 Ne5 13. Nc4 Nxc4 14. Bxc4 O-O 15.
a4 Nc6 16. h3 Ne5 17. Bb3 Qe7 18. Nd5 Qh4 19. Rf4 Qg3 20. Bf2 Qg5 21. h4 Qd8 22.
Bb6 Qd7 23. Nf6+ Bxf6 24. Rxf6 Ng4 25. Rxd6 Qe7 26. Rd8 Be6 27. Rxa8 Rxa8 28.
Bxe6 Qxe6 29. Qd4 Re8 30. Re1 Qe7 31. g3 Ne5 32. Kg2 Qe6 33. Bc7 Nc6 34. Qb6 Qd7
35. Bf4 h5 36. Re2 Qd1 37. Kf2 Qh1 38. Qxb7 Qh2+ 39. Kf3 Qh1+ 40. Kf2 Qh2+ 41.
Kf3 Qh1+ 42. Rg2 Qf1+ 43. Rf2 Qh1+ 44. Rg2 Qf1+ 45. Rf2 Qh1+ 46. Rg2 1/2-1/2

[Event "ch-USA w 2021"]
[Site "Saint Louis USA"]
[Date "2021.10.18"]
[Round "11.2"]
[White "Zatonskih, Anna"]
[Black "Paikidze, Nazi"]
[Result "1/2-1/2"]
[WhiteTitle "IM"]
[BlackTitle "IM"]
[WhiteElo "2422"]
[BlackElo "2374"]
[WhiteFideId "14101572"]
[BlackFideId "13603620"]
[EventDate "2021.10.06"]

1. d4 Nf6 2. Nf3 e6 3. c4 d5 4. Nc3 dxc4 5. e3 a6 6. a4 b6 7. Bxc4 Bb7 8. O-O
Bb4 9. Qe2 O-O 10. Na2 Bd6 11. Nc3 Bb4 12. Na2 Bd6 13. Nc3 Bb4 14. Na2 1/2-1/2

[Event "ch-USA w 2021"]
[Site "Saint Louis USA"]
[Date "2021.10.18"]
[Round "11.3"]
[White "Foisor, Sabina-Francesca"]
[Black "Eswaran, Ashritha"]
[Result "0-1"]
[WhiteTitle "WGM"]
[BlackTitle "WIM"]
[WhiteElo "2205"]
[BlackElo "2244"]
[WhiteFideId "1212915"]
[BlackFideId "2080788"]
[EventDate "2021.10.06"]

1. d4 d5 2. c4 e6 3. Nc3 c6 4. Nf3 Nf6 5. e3 Nbd7 6. Qc2 Bd6 7. b3 O-O 8. Bb2 e5
9. cxd5 cxd5 10. dxe5 Nxe5 11. Be2 Bg4 12. Nxe5 Bxe5 13. Bxg4 Nxg4 14. h3 Qh4
15. O-O Rac8 16. Qf5 Bxc3 17. Bxc3 Nxe3 18. fxe3 Rxc3 19. Qxd5 Qe7 20. e4 Rc5
21. Qd4 Rd8 22. Qf2 Re5 23. Qxa7 Rxe4 24. Rad1 Re8 25. Rd2 h6 26. Qf2 Rc8 27.
Rfd1 Qg5 28. Rd5 Rc1 29. Rxg5 Rxd1+ 30. Kh2 hxg5 31. Qc2 Ree1 32. Qc8+ Kh7 33.
Qxb7 f5 34. Kg3 Re2 35. Qf3 Re3 36. Qxe3 f4+ 37. Qxf4 gxf4+ 38. Kxf4 Ra1 39. a4
Rb1 0-1

[Event "ch-USA w 2021"]
[Site "Saint Louis USA"]
[Date "2021.10.18"]
[Round "11.4"]
[White "Tokhirjonova, Gulrukhbegim"]
[Black "Cervantes Landeiro, Thalia"]
[Result "1/2-1/2"]
[WhiteTitle "WGM"]
[BlackTitle "FM"]
[WhiteElo "2322"]
[BlackElo "2175"]
[WhiteFideId "14203626"]
[BlackFideId "3520498"]
[EventDate "2021.10.06"]

1. c4 e5 2. g3 Nc6 3. Bg2 Bc5 4. Nc3 a6 5. e3 d6 6. Nge2 Ba7 7. h3 Nge7 8. O-O
h5 9. d4 h4 10. g4 f5 11. d5 Nb8 12. gxf5 Nxf5 13. Ne4 Nd7 14. b4 Qe7 15. a4 Rg8
16. N2c3 g5 17. Qh5+ Qf7 18. Bf3 Qxh5 19. Bxh5+ Ke7 20. Kh2 Nf8 21. Rg1 Nh7 22.
c5 a5 23. Nb5 Bb8 24. bxa5 Rxa5 25. cxd6+ Nxd6 26. Ba3 Nf6 27. Nxf6 Kxf6 28. Bb4
Ra6 29. Nxd6 cxd6 30. Be2 Ra8 31. f4 Ba7 32. fxe5+ Kxe5 33. Bc3+ Kxd5 34. Rad1+
Kc6 35. Bb5+ Kc7 36. Bb4 Bxe3 37. Bxd6+ Kb6 38. Rgf1 g4 39. hxg4 Bxg4 40. Rd3
Bc5 41. Rf7 Rac8 42. Bxc5+ Rxc5 43. Rd6+ Ka7 44. Rd2 Rc3 45. Rg2 Rh3+ 46. Kg1
Be6 47. Rf6 Rxg2+ 48. Kxg2 Rg3+ 49. Kh2 Rh3+ 50. Kg2 Re3 51. Kf2 Re5 52. Rh6 h3
53. Bf1 Bd7 54. Bxh3 Bxa4 55. Re6 Rh5 56. Bg2 Rb5 57. Ke3 Rb2 58. Be4 b6 59. Kd4
Ka6 60. Kc3 Rb3+ 61. Kd4 Ka5 62. Re7 Rg3 63. Rc7 b5 64. Rc1 Kb4 65. Rb1+ Ka3 66.
Bc6 Rg4+ 67. Kc5 Rg5+ 68. Kb6 Rg6 69. Kc5 Rg5+ 70. Kb6 Ka2 71. Rb4 Ka3 72. Rb1
Ka2 73. Rb4 Ka3 74. Rb1 Ka2 1/2-1/2

[Event "ch-USA w 2021"]
[Site "Saint Louis USA"]
[Date "2021.10.18"]
[Round "11.6"]
[White "Yip, Carissa"]
[Black "Nemcova, Katerina"]
[Result "1/2-1/2"]
[WhiteTitle "IM"]
[BlackTitle "WGM"]
[WhiteElo "2402"]
[BlackElo "2331"]
[WhiteFideId "2090732"]
[BlackFideId "322750"]
[EventDate "2021.10.06"]

1. e4 c5 2. Nf3 Nc6 3. d4 cxd4 4. Nxd4 Nf6 5. Nc3 d6 6. Bg5 g6 7. Bxf6 exf6 8.
g3 Bg7 9. Bg2 O-O 10. O-O f5 11. Nde2 fxe4 12. Bxe4 Bg4 13. Qd5 Qb6 14. a3 Rad8
15. Rab1 Rfe8 16. Bf3 Be6 17. Qd2 d5 18. Na4 Ne5 19. Bg2 Nc4 20. Qc1 Qd6 21.
Nac3 d4 22. Ne4 Qc7 23. Nf4 Bf5 24. Re1 Ne3 25. Nf6+ Bxf6 26. fxe3 Qxc2 27. e4
Qxc1 28. Rbxc1 Bd7 29. Nd5 Be5 30. Bf1 Kg7 31. Nb4 Rc8 32. Nd3 Rxc1 33. Rxc1 Bd6
34. Bg2 Rc8 35. Rd1 f6 36. Rd2 b6 37. Ne1 Be5 38. Nf3 Rc1+ 39. Kf2 Bg4 40. Nxd4
Bxd4+ 41. Rxd4 Rc2+ 42. Kg1 Rc1+ 43. Kf2 Rc2+ 44. Kg1 Rxb2 45. Rc4 Rb1+ 46. Kf2
Rb2+ 47. Kg1 a5 48. e5 Rb1+ 49. Kf2 Rb2+ 50. Kg1 Rb1+ 51. Kf2 Rb2+ 52. Kg1 1/2-1/2